Internationale und Regionalflughäfen in Deutschland - Statistiken

Allgemein
  • Dieses Quiz wurde 236 mal gespielt
  • Das Durchschnittsergebnis liegt bei 22 aus 35
Antwortstatistiken
Hint Antwort % Korrekt
Bayern München
95%
Baden-Würrtemberg Stuttgart
94%
Nordrhein-Westfalen Köln/Bonn
91%
Nordrhein-Westfalen Düsseldorf
88%
Bayern Nürnberg
87%
Sachsen Leipzig/Halle
86%
Sachsen Dresden
85%
Niedersachsen Hannover
83%
Saarland Saarbrücken
83%
??? Hamburg
82%
Thüringen Erfurt
81%
??? Bremen
80%
Nordrhein-Westfalen Dortmund
78%
Berlin Tegel
78%
Mecklenburg-Vorpommern Rostock-Laage
77%
Baden-Württemberg Karlsruhe / Baden-Baden
76%
Nordrhein-Westfalen Münster/Osnabrück
74%
Mecklenburg-Vorpommern Schwerin-Parchim
72%
Hessen Kassel-Calden
71%
Sachsen-Anhalt Magdeburg/Cochstedt
70%
Schleswig-Holstein Lübeck
62%
Niedersachsen Braunschweig/Wolfsburg
58%
Berlin Schönefeld
56%
Nordrhein-Westfalen Paderborn/Lippstadt
55%
Rheinland-Pfalz Frankfurt/Hahn
52%
Hessen Frankfurt/Main
50%
Baden-Württemberg Friedrichshafen
48%
Schleswig-Holstein Sylt
45%
Bayern Memmingen
37%
Nordrheiin-Westfalen Weeze(Niederrhein)
36%
Mecklenburg-Vorpommern Stralsund-Barth
35%
Mecklenburg-Vorpommern Neubrandenburg
27%
Rheinland-Pfalz Zweibrücken
17%
Niedersachsen Cuxhaven/Nordholz
11%
Mecklenburg-Vorpommern Heringsdorf
8%
Keine übereinstimmenden Quizze gefunden
Verteilung der Resultate
Anzahl Personen mit jedem Resultat
Perzentil nach korrekt beantworteten Fragen
Ihre Resultats-Entwicklung
Sie haben dieses Quiz noch nicht gespielt